000 00748nam a22002177a 4500
999 _c9649
_d9649
003 AR-CdUCM
008 190328b ||||| |||| 00| 0 spa d
040 _aMUNICIPALIDAD PROVINCIAL DEL CUSCO
_cBIBLIOTECA MUNICIPAL DEL CUSCO
082 _a869.53 /
_bL67T / 1974
245 _aTutupaka llakkta o el mancebo que venció al diablo /
260 _aLima :
_bMilla Batres,
_c1974.
300 _a93 páginas ;
_c20 cm.
650 _aCuentos peruanos
_97
650 _aSiglo XX
_98
650 _a Cuentos peruanos (Indígenas)
_910178
700 _aLira, Jorge A. (compilador, traductor)
_925994
700 _aDelgado, Washington (prólogo)
_99870
700 _aMilla Batres, Carlos (editor)
_925995
942 _2ddc
_cLIBROS
945 _apjha
_d2019-05-13